000 01525nam a2200325 4500
003 CO-CtgCURN
005 20250329165446.0
008 160531s2006 000 0 eng d
040 _aCO-CtgCURN
_bspa
_ccoctgcurn
082 0 _aINS 2006
_bC268
100 1 _aCardona Acuña, Yair Fernando.
245 1 0 _aSoftware para detección de contradicciones, inconsistencias y redundancias en bases de reglas difusas /
_cYair Fernando Cardona Acuña, Jenssi Morales Canoles ; director, Juan Contreras Montes.
260 _aCartagena de Indias :
_bCorporación Universitaria Rafael Nuñez,
_c2006.
300 _a230 h. +
_eAnexos.
336 _2rdacontent
337 _2rdamedia
_asin mediacion
_bn
338 _2rdacarrier
_avolumen
_bnc
500 _aIncluye manual del usuario.
500 _amanual del sistema.
500 _aIncluye anexos.
502 _aTrabajo de grado (Ingeniero de Sistemas). Corporación Universitaria Rafael Nuñez. Programa de Ingenieria de Sistemas, 2006.
504 _aIncluye bibliografia.
590 _aIngenieria de Sistemas
650 0 _aIngenieria de Sistemas
_vTesis y disertaciones academicas.
700 1 _aMorales Canoles, Jenssi.
700 1 _aContreras Montes, Juan,
_edirector.
856 7 _zClick aqui para ver el recurso en texto completo
_uhttps://unicurn.sharepoint.com/:b:/s/biblioteca/ESU7fzJzadBKvIoTE327nHMBCorckkzqJ_aCKaSarRnUpw?e=Be3yle
942 _hINS 2006
_iC268
_2ddc
_cTG
999 _c4705
_d4705